Special Relativity
Αποθηκεύτηκε σε:
| Κύριος συγγραφέας: | |
|---|---|
| Μορφή: | Βιβλίο |
| Γλώσσα: | English |
| Δημοσίευση: |
New York :
W.W. Norton & Company,
1968
|
| Σειρά: | M.I.T. introductory physics series
|
| Θέματα: | |
| Ετικέτες: |
Προσθήκη ετικέτας
Δεν υπάρχουν, Καταχωρήστε ετικέτα πρώτοι!
|
MARC
| LEADER | 00000nam a2200000 i 4500 | ||
|---|---|---|---|
| 001 | 1/38648 | ||
| 008 | 950126s1968 eng d | ||
| 020 | |a 0-393-09793-5 | ||
| 035 | |a 1995 |l 10040817 | ||
| 040 | |a GR-MY-UA |b gre |e aacr | ||
| 041 | 0 | |a eng | |
| 082 | 0 | |a 530.11 | |
| 100 | 1 | |a French, A. P. |q (Anthony Philip) |d 1920- | |
| 245 | 1 | 0 | |a Special Relativity / |c A.P. French |
| 260 | |a New York : |b W.W. Norton & Company, |c 1968 | ||
| 300 | |a 286 p.; |c 24 cm. | ||
| 490 | 1 | |a M.I.T introductory physics series | |
| 650 | 0 | 0 | |a Special relativity (Physics) |
| 830 | 0 | |a M.I.T. introductory physics series | |
| 852 | |a INST |b SAMOS |e 19950126 |h 530.11 FRE |p 005300006230 |q 005300006230 |t BK |y 0 | ||
| 909 | |a Σ |b 038546 | ||